000 00647nam a2200181 a 4500
001 000031373
005 20260304085435.0
008 110303s1997 dr c 000 0 spa d
040 _aDO-SdBNP
_bspa
_cBNPHU
082 _axxx
_bP349g
100 1 _aPeña Gomez, Jose Francisco ,
_d1937-1998
_92994
245 1 0 _aGestión municipal 1982-1986 /
_cJosé Francisco Peña Gómez ; edición Sara Peralta de Rethe.
260 _aSanto Domingo :
_bEditora de Colores,
_c1997.
300 _a734 p. :
_bretrs. ;
_c23 cm.
500 _aIncluye datos biográficos del autor en la contracubierta
700 1 _aPeralta de Rethe, Sara
_eed.
_957800
049 _aBNPD
999 _c30865
_d30865